| 000 | 00000nam##2200000za#4500 |
| 001 | 9.632913 |
| 003 | CaOODSP |
| 005 | 20210624215049 |
| 007 | cr ||||||||||| |
| 008 | 150407|2001||||xxc|||||o f|0| 0 fre|d |
| 040 | |aCaOODSP|bfre |
| 043 | |an-cn--- |
| 086 | 1 |aSW21-76/2001F-PDF |
| 110 | 1 |aCanada. |bCondition féminine Canada. |
| 245 | 10|aLes mères en tant que soutiens économiques et dispensatrices de soins : |h[ressource électronique]|bla responsabilité à l'égard des enfants, la politique sociale et le régime fiscal / |c[par] Christa Freiler ... [et al.]. |
| 260 | |aOttawa - Ontario : |bCondition féminine Canada |c2001. |
| 300 | |a147p.|btableaux |
| 500 | |a«Le présent rapport porte sur le recours à la fiscalité comme instrument de politique sociale pour favoriser l'égalité des femmes, réduire leur vulnérabilité économique et aider les mères à titre de soutiens économiques et de dispensatrices de soin; ont formule aussi des recommandations à cet égard.»--Résumé. |
| 500 | |aLe n° de catalogue et ISBN de l'édition imprimée 2001 à été imprimé dans cette édition électronique. |
| 504 | |aBibliographie. |
| 520 | 3 |aLe présent rapport porte sur le recours à la fiscalité comme instrument de politique sociale pour favoriser l'égalité des femmes, réduire leur vulnérabilité économique et aider les mères à titre de soutiens économiques et de dispensatrices de soin; ont formule aussi des recommandations à cet égard.--Résumé |
| 590 | |a06-10-Supp|b2006-12-15 |
| 691 | 07|aCondition de la femme|2gcpds |
| 691 | 07|aEnfant|2gcpds |
| 691 | 07|aPolitique fiscale|2gcpds |
| 691 | 07|aPolitique sociale|2gcpds |
| 720 | 1 |aFreiler, Christa |
| 775 | 08|tMothers as earners, mothers as carers : |w(CaOODSP)9.688488 |
| 776 | 0#|tMothers as earners, mothers as carers : |w(CaOODSP)9.662547 |
| 776 | 0#|tLes mères en tant que soutiens économiques et dispensatrices de soins : |w(CaOODSP)9.662548 |
| 856 | 40|ahttp://publications.gc.ca|qPDF|s999 Ko|uhttps://publications.gc.ca/collections/Collection/SW21-76-2001F.pdf |